2022年ボートレース SG・PG1覇者 - Statistics

General Stats
  • This quiz has been taken 7 times
  • The average score is 7 of 13
Answer Stats
レースタイトル 優勝者 % Correct
ボートレースクラシック 遠藤 エミ
83%
ボートレースオールスター 原田 幸哉
67%
グランドチャンピオン 池田 浩二
67%
オーシャンカップ 椎名 豊
67%
ボートレースダービー 馬場 貴也
67%
グランプリシリーズ 宮地 元輝
67%
グランプリ 白井 英治
67%
マスターズチャンピオン 上平 真二
50%
チャレンジカップ 深谷 知博
50%
クイーンズクライマックス 田口 節子
50%
レディーズチャンピオン 香川 素子
33%
ボートレースメモリアル 片岡 雅裕
33%
ヤングダービー 近江 翔吾
17%
No matching quizzes found
Score Distribution
Percent of People with Each Score
Percentile by Number Answered
Your Score History
You have not taken this quiz